Tutte le città dove si trovano missioni diplomatiche italiane - Statistics

Statistiche generali
  • Questo quiz è stato fatto 12 volte
  • Il punteggio medio è 127 su 222
Statistiche sulle risposte
NAZIONE CITTA' % Corretto
Algeria Algeri
91%
Egitto Il/Cairo
91%
Libia Tripoli
91%
Argentina Buenos Aires
82%
Marocco Casablanca
82%
Sudafrica Città del Capo
82%
Malta La/Valletta
82%
Kenya Nairobi
82%
Panama Panama/Città
82%
Francia Parigi
82%
Marocco Rabat
82%
Corea del Sud Seul
82%
Tunisia Tunisi
82%
Emirati Arabi Uniti Abu Dhabi
73%
Ghana Accra
73%
Etiopia Addis Abeba
73%
Turchia Ankara
73%
Eritrea Asmara
73%
Grecia Atene
73%
Iraq Baghdad
73%
Azerbaigian Baku
73%
Thailandia Bangkok
73%
Spagna Barcellona
73%
Serbia Belgrado
73%
Germania Berlino
73%
Svizzera Berna
73%
Usa Boston
73%
Brasile Brasilia
73%
Slovacchia Bratislava
73%
Congo Brazzaville
73%
Belgio Bruxelles
73%
Romania Bucarest
73%
Ungheria Budapest
73%
Australia Canberra
73%
Venezuela Caracas
73%
Usa Chicago
73%
Città del Vaticano Città del Vaticano
73%
Danimarca Copenaghen
73%
Senegal Dakar
73%
Qatar Doha
73%
Emirati Arabi Uniti Dubai
73%
Irlanda Dublino
73%
Germania Francoforte
73%
Israele Gerusalemme
73%
Finlandia Helsinki
73%
Turchia Istanbul
73%
Ucraina Kiev
73%
Rep. Dem. del Congo Kinshasa
73%
Kuwait Kuwait
73%
Nigeria Lagos
73%
Cuba L'Avana
73%
Perù Lima
73%
Francia Lione
73%
Portogallo Lisbona
73%
Regno Unito Londra
73%
Usa Los Angeles
73%
Angola Luanda
73%
Slovenia Lubiana
73%
Lussemburgo Lussemburgo
73%
Spagna Madrid
73%
Filippine Manila
73%
Bielorussia Minsk
73%
Germania | Monaco Monaco
73%
Uruguay Montevideo
73%
Canada Montreal
73%
Russia Mosca
73%
Usa New York
73%
India Nuova/Delhi
73%
Norvegia Oslo
73%
Canada Ottawa
73%
Cina Pechino
73%
Montenegro Podgorica
73%
Repubblica Ceca Praga
73%
Sudafrica Pretoria
73%
Kosovo Pristina
73%
Lettonia Riga
73%
Brasile Rio de Janeiro
73%
San Marino San Marino
73%
Brasile San Paolo
73%
El Salvador San Salvador
73%
Cile Santiago
73%
Bosnia-Erzegovina Sarajevo
73%
Cina Shanghai
73%
Singapore Singapore
73%
Macedonia Skopje
73%
Bulgaria Sofia
73%
Svezia Stoccolma
73%
Estonia Tallin
73%
Georgia Tbilisi
73%
Albania Tirana
73%
Giappone Tokyo
73%
Canada Toronto
73%
Polonia Varsavia
73%
Austria Vienna
73%
Usa Washington
73%
Croazia Zagabria
73%
Svizzera Zurigo
73%
Nigeria Abuja
64%
Australia Adelaide
64%
Andorra Andorra La Vella
64%
Belgio Anversa
64%
Paraguay Asuncion
64%
Libano Beirut
64%
Colombia Bogotà
64%
India Calcutta
64%
Moldavia Chisinau
64%
Messico Città del Messico
64%
Sri Lanka Colombo
64%
Regno Unito Edimburgo
64%
Armenia Erevan
64%
Indonesia Giacarta
64%
Svizzera Ginevra
64%
Vietnam Hanoi
64%
Usa Houston
64%
Pakistan Islamabad
64%
Malesia Kuala Lumpur
64%
Bolivia La Paz
64%
Francia Marsiglia
64%
Bahamas Nassau
64%
Burkina Faso Ouagadougou
64%
Ecuador Quito
64%
Arabia Saudita Riyad/Riad
64%
Usa San Francisco
64%
Russia San Pietroburgo
64%
Repubblica Dominicana Santo Domingo
64%
Australia Sydney
64%
Taiwan Taipei
64%
Iran Teheran
64%
Israele Tel Aviv
64%
Mongolia Ulan Bator
64%
Lituania Vilnius
64%
Nuova Zelanda Wellington
64%
Giordania Amman
55%
Kazakistan Astana
55%
Mali Bamako
55%
Guatemala Città del Guatemala
55%
Germania Colonia
55%
Guinea Conakry
55%
Benin Cotonou/Porto Novo
55%
Bangladesh Dacca
55%
Croazia Fiume/Rijeka
55%
Zimbabwe Harare
55%
Arabia Saudita Jeddah/Gedda
55%
Sudafrica Johannesburg
55%
Uganda Kampala
55%
Svizzera Lugano
55%
Nicaragua Managua
55%
Usa Miami
55%
India Mumbai
55%
Niger Niamey
55%
Cipro Nicosia
55%
Francia Nizza
55%
Argentina Rosario
55%
Austria Salisburgo
55%
Germania Stoccarda
55%
Bolivia Sucre
55%
Camerun Yaoundè
55%
Costa d'Avorio Abidjan
45%
Barbados Bridgetown
45%
Australia Brisbane
45%
Germania Dortmund
45%
Austria Graz
45%
Vietnam Ho Chi Minh/Saigon
45%
Cina Hong Kong
45%
Austria Innsbruck
45%
Pakistan Karachi
45%
Paesi Bassi L'Aia/L'aja
45%
Gabon Libreville
45%
Zambia Lusaka
45%
Bahrein Manama
45%
Mozambico Maputo
45%
Oman Mascate
45%
Australia Melbourne
45%
Giappone Osaka
45%
Australia Perth
45%
Antigua e Barbuda Saint John
45%
Costa Rica San Josè
45%
Uzbekistan Tashkent
45%
Canada Vancouver
45%
Turkmenistan Ashgabat
36%
Svizzera Basilea
36%
Cina Canton/Guangzhou
36%
Usa Filadelfia/Philadelphia
36%
Austria Linz
36%
Venezuela Maracaibo
36%
Bosnia-Erzegovina Mostar
36%
Bolivia Santa Cruz
36%
Albania Valona
36%
Myanmar Yangon/Rangon/Yangoon
36%
Brasile Belo Horizonte
27%
Slovenia Capodistria
27%
Argentina Cordoba
27%
Tanzania Dar es Salaam
27%
Usa Detroit
27%
Iraq Erbil
27%
Turchia Izmir/Smirne
27%
Belgio Liegi
27%
Belgio Ostenda/Oostend
27%
Brasile Recife
27%
Albania Argirocastro
18%
Bosnia-Erzegovina Banja Luka
18%
Bangladesh Chittagong
18%
Cina Chongqing
18%
Germania Friburgo
18%
Germania Hannover
18%
Australia Hobart
18%
Austria Klagenfurt
18%
Brasile Porto Alegre
18%
Argentina Bahia/Blanca
9%
Belgio Charleroi
9%
Brasile Curitiba
9%
Perù Cusco
9%
Argentina La Plata
9%
Belgio Lovanio
9%
Argentina Mar del Plata
9%
Argentina Mendoza
9%
Francia Metz
9%
Spagna Arona
0%
Austria Bregenz
0%
Perù Chacas
0%
Armenia Gjumri
0%
Nessun quiz corrispondente trovato
Distribuzione punteggi
Percentuale di utenti per punteggio
Percentile per numero di risposta
I tuoi punteggi nel tempo
Non hai fatto questo quiz